Kvalita a spoľahlivosť strojov. Quality and Reliability of Machines : 6. Medzinárodné vedecké sympózium. 6th International scientific symposium. Nitra 30.5.-31.5.2001

Salvato in:
Dettagli Bibliografici
Natura: Libro
Lingua:multilingua
Pubblicazione: Nitra : SPU v Nitre, 2001
Soggetti:
Tags: Aggiungi Tag
Nessun Tag, puoi essere il primo ad aggiungerne!!

MARC

LEADER 00000nam a22000003a 4500
001 stu58372
005 20150408161953.1
008 010621s2001----xo------------------mul-d
020 |a 80-7137-873-9 
040 |a STU  |b slo 
041 0 |a mul 
044 |a xo 
080 |a 621:658.56  |7 A000001895 
245 |a Kvalita a spoľahlivosť strojov. Quality and Reliability of Machines :  |b 6. Medzinárodné vedecké sympózium. 6th International scientific symposium. Nitra 30.5.-31.5.2001 
260 |a Nitra :  |b SPU v Nitre,  |c 2001 
300 |a 216 s 
650 7 |a stroje-kvalita a spoľahlivosť  |2 stusub 
996 |b 284M024637  |c M*Z-1795  |l MMKN  |s A  |a 24  |w stu58372_0001